000 00525nam a2200181Ia 4500
008 090124s9999 xx 000 0 und d
082 _b113429
100 _aराऊत अरविंद हरि
245 _a जीवन गुंजी
250 _a1
260 _c1970
300 _a105
600 _aराऊत अरविंद हरि
630 _a जीवन गुंजी
700 _aराऊत अरविंद हरि
730 _a जीवन गुंजी
942 _cBOOK
999 _c159520
_d159520